| 000 | 00759 a2200217 4500 | ||
|---|---|---|---|
| 020 | _a0-324-32341-7 (student ed.) | ||
| 020 | _a0-324-36237-4 (instructor's ed.) | ||
| 020 | _a0-324-36196-3 (2007 : ISE) | ||
| 040 |
_aDLC _bDLC |
||
| 082 | 0 | 0 | _a658.4/21 |
| 100 | 1 | _aKuratko, Donald F. | |
| 245 | 1 | 0 |
_aEntrepreneurship : theory, process, practice _btheory, process, practice _cDonald F. Kuratko, Richard M. Hodgetts |
| 250 | _a7. ed. | ||
| 260 |
_aMason, Ohio : _bThomson South-Western, _c2006 |
||
| 300 |
_axxxiii, 757 s. : _bdiagr., tab. |
||
| 650 | 0 |
_aEntrepreneurship _zUnited States. |
|
| 650 | 0 |
_aNew business enterprises _zUnited States. |
|
| 650 | 0 |
_aSmall business _zUnited States. |
|
| 700 | 1 | _aHodgetts, Richard M. | |
| 942 |
_cBK _k658.421 KUR _2ddc |
||
| 999 |
_c4713 _d4713 |
||